| 000 | 00437cam a2200169ua 4500 | ||
|---|---|---|---|
| 020 | _c5.00 | ||
| 041 |
_amal _h |
||
| 082 |
_a575.1 _bJOH/PA |
||
| 100 | _aJohn, Jacob . | ||
| 245 |
_aParamparyathinte Vazhithirivukalil / _cJacob John. _hTextual Documents |
||
| 260 |
_aKottayam : _bSahitya Pravarthaka Co-operative Society , _c1967. |
||
| 300 | _a251 ; . | ||
| 365 | _a5.00 | ||
| 504 | _a | ||
| 942 | _cBK | ||
| 999 |
_c5101 _d5101 |
||